|
|
|
|
| LEADER |
00000cam a2200000 7i4500 |
| 001 |
0000002314 |
| 005 |
20240925.0 |
| 008 |
991128 ilu a eng |
| 020 |
|
|
|a 0256026270
|
| 040 |
|
|
|a INS
|b eng
|e rda
|
| 090 |
0 |
0 |
|a HF5548.8
|b .D91 1984
|
| 100 |
1 |
|
|a Dunham, Randall B. ,
|e author
|
| 245 |
1 |
0 |
|a Organizational behaviour :
|b people and processes in management
|c Randall B. Dunham
|
| 264 |
|
1 |
|a Homewood :
|b Richard D.Irwin Inc
|c 1984
|
| 300 |
|
|
|a xvii, 547 pages :
|b illustrations ;
|c 24 cm.
|
| 336 |
|
|
|a text
|2 rdacontent
|
| 337 |
|
|
|a unmediated
|2 rdamedia
|
| 338 |
|
|
|a volume
|2 rdacarrier
|
| 440 |
|
0 |
|a The Irwin series in management and the behaviorat sciences
|
| 650 |
|
0 |
|a Organizational behaviour
|
| 999 |
|
|
|a 0000000590
|b BOOK
|c Open Shelf
|e Default branch
|